The Jewish community in Cracow - analysis based on the Cracow Community Charter of 5355 and supplements

Titel: The Jewish community in Cracow - analysis based on the Cracow Community Charter of 5355 and supplements
Verfasser:
In: Uniwersytet Jagielloński w Krakowie. Instytut Judaistyki: Scripta judaica cracoviensia, Band 3 (2005), Seite 41-49
alle Artikel anzeigen
Veröffentlicht: 2005
Format: Aufsatz
Sprache: Polnisch
Kein Bild verfügbar
X
alg: 39427232
001A    $01999:12-11-16 
001B    $01999:29-04-21 $t21:33:01.000 
001D    $01999:12-11-16 
001U    $0utf8 
001X    $00 
002@    $0Aox 
003@    $0394272323 
007A    $0394272323 $aHEB 
007T    $0Herdk90666 
010@    $apol 
011@    $a2005 
021A    $aThe @Jewish community in Cracow - analysis based on the Cracow Community Charter of 5355 and supplements 
028A    $aJakimyszyn $dAnna 
031A    $d3 $h41-49 $j2005 
037A    $aZ 1595 r.  
039B    $aIn $8--Abvc--Uniwersytet Jagielloński w Krakowie$bInstytut Judaistyki [Tb1]. Scripta judaica cracoviensia. - Kraków : Wydawn Uniw. Jagiellónskiego, 2002-. - ISSN 1733-5760 $x200500000030000959 $9119947331 
045F    $a909.0492409438 $eDDC23BSB 
045F/01 $a909.04924 
045F/03 $g438 
045T    $aJUDAICA $qDE-30 $2FID 
045T    $a7,7 

lok: 39427232 78

exp: 39427232 78 1 #EPN
201B/01 $026-11-17 $t23:24:13.000 
201U/01 $0utf8 
203@/01 $0790382849 
208@/01 $a12-11-16 $be 
209A/01 $a/ $f000 $x00 
220C/01 $aTitelaufnehmer: pbb 
220C/01 $aHerkunft: PBB/IH PAN 
244Z/01 $2Trx $#Poola $#Lenkija $#Polija $#Polen Land $#Poland $#Lengyelország $#Poľsko $#Polsko $8--Trx--Polska$gkraj $x01 $9391345966 
244Z/01 $#Krakau $#Kraków $#Cracovie $#Cracovia $#Cracow $#Krakoi $#Krakov $#Cracov $74073760-3 $8--Tg1--Krakau $x02 $9085207705 
244Z/01 $aGeschichte 1594 $x03 
244Z/01 $2Trx $#kogudused, juudi $#žydų bendruomenės $#Jewish parishes $#gyülekezetek, zsidó $#gminy żydowskie $#obce židovské $#obce židovské $8--Trx--Gemeinden, jüdische $x04 $9391369822 
244Z/01 $2Trx $8--Trx--Zeitschriftenaufsatz $x05 $9391384341 
245Z/01 $a13.03 $x01 
245Z/01 $a08.04.09 $x02 
247C/01 $82080>Marburg/Lahn, Herder-Institut, Forschungsbibliothek, Bibliographieportal $9336309341
LEADER 00000caa a22000002c 4500
001 394272323
003 DE-603
005 20210429213301.0
007 tu
008 161112s2005 xx |||| | u00||u|pol c
035 |a (DE-599)HEB394272323 
040 |a DE-603  |b ger  |c DE-603  |d DE-603 
041 |a pol 
082 0 4 |8 1\u  |a 909.0492409438  |q DE-101  |2 23/BSB 
084 |a JUDAICA  |q DE-30  |2 fid 
084 |a 7,7  |2 ssgn 
085 |8 1\u  |b 909.04924 
085 |8 1\u  |z 2  |s 438 
100 1 |a Jakimyszyn, Anna 
245 0 0 |a ˜Theœ Jewish community in Cracow - analysis based on the Cracow Community Charter of 5355 and supplements 
264 0 |c 2005 
500 |a Z 1595 r. <pol> 
773 0 8 |i In  |a Uniwersytet Jagielloński w Krakowie. Instytut Judaistyki  |t Scripta judaica cracoviensia  |d Kraków : Wydawn Uniw. Jagiellónskiego, 2002-  |x 1733-5760  |g Band 3 (2005), Seite 41-49  |w (DE-603)119947331  |w (DE-600)2141449-X 
924 0 |9 2080  |a (DE-603)790382849  |b DE-2080  |c HES  |d d  |g /